00945nam a22002537a 4500003000500000005001700005008004100022010001000063011001000073035001100083040000900094100003000103245017500133260004100308300003200349502007600381530003600457650003600493650002900529650002600558650002900584650001400613856006400627CHAP20220329143225.0070424d2007 mx r 00110 spa d a93540 a94512 a105103 cCHAP1 aPérez López, Oswaldo.10aDeterminación del tiempo óptimo de retiro de alimento antes de sacrificio de pollos de engorda en una empresa comercial en Apan, Hidalgoc/por Oswaldo Pérez López aChapingo, Méx. :bEl autor,c2007. a36 h. :bgráfs.; cuadros. aTesis (Ing. Agr. Esp. en Zootecnia) - - UACH. Departamento de Zootecnia aTambién disponible en línea14aAves de corralxAlimentación.14aAves de corralxEngorda.14aAves de corralxPeso.14aCarne de pollo en canal.14aEmpresas. 3Finding aiduhttp://10.13.5.2/tesis/105103.pdfzTeclea aqui